[Event "FRA-chT U20 GpB 1213"]
[Site "France"]
[Date "2012.12.02"]
[Round "2"]
[White "Kocausta, Antoine"]
[Black "Ea, Thibault"]
[Result "1-0"]
[WhiteElo "1450"]
[BlackElo "1613"]
[PlyCount "114"]
[EventDate "2012.12.01"]
[EventType "team"]
[EventRounds "7"]
[EventCountry "FRA"]
[SourceTitle "EXT 2014"]
[Source "ChessBase"]
[SourceDate "2013.11.20"]
[SourceVersion "1"]
[SourceVersionDate "2013.11.20"]
[SourceQuality "1"]
[WhiteTeam "Villepinte (U20)"]
[BlackTeam "Clichy (U20)"]
[WhiteTeamCountry "FRA"]
[BlackTeamCountry "FRA"]

1. d4 d5 2. c4 c6 3. Nc3 Nf6 4. Nf3 dxc4 5. a4 Bf5 6. e3 e6 7. Bxc4 Be7 8. 0-0 0-0 9. Nh4 Bg4 10. Nf3 Bf5 11. h3 Nbd7 12. Nh4 Be4 13. Nf3 Nb6 14. Bb3 Nbd7 15. Nxe4 Nxe4 16. Bc2 Ndf6 17. Qd3 c5 18. Nd2 Nxd2 19. Bxd2 Qc7 20. Rac1 c4 21. Bb3 cxd3 22. Rxc7 Bd6 23. Rxb7 Rfb8 24. Rxb8+ Rxb8 25. Bc4 Rxb2 26. Rd1 Ne4 27. Ba5 Nxf2 28. Rf1 d2 29. Bxd2 Rxd2 30. Rxf2 Bh2+ 31. Kf1 Rd1+ 32. Ke2 Rc1 33. Bb5 Rc2+ 34. Kf3 Rxf2+ 35. Kxf2 Bc7 36. Kf3 f5 37. Bd7 Kf7 38. Bc6 g5 39. d5 e5 40. e4 fxe4+ 41. Kxe4 h5 42. Kf5 e4 43. Kxg5 e3 44. Bb5 Ke7 45. Kxh5 Kd6 46. Kg4 Kxd5 47. Kf3 Kd4 48. g4 Bd8 49. Kf4 Bc7+ 50. Kf5 Bd8 51. g5 Be7 52. g6 Bf8 53. Kf6 Kc3 54. g7 Bxg7+ 55. Kxg7 Kd2 56. h4 e2 57. Bxe2 Kxe2 1-0

[Event "FRA-chT U20 GpB 1213"]
[Site "France"]
[Date "2012.12.01"]
[Round "1"]
[White "Lux, Hugo de Melo"]
[Black "Kocausta, Antoine"]
[Result "0-1"]
[WhiteElo "1652"]
[BlackElo "1450"]
[PlyCount "80"]
[EventDate "2012.12.01"]
[EventType "team"]
[EventRounds "7"]
[EventCountry "FRA"]
[SourceTitle "EXT 2014"]
[Source "ChessBase"]
[SourceDate "2013.11.20"]
[SourceVersion "1"]
[SourceVersionDate "2013.11.20"]
[SourceQuality "1"]
[WhiteTeam "Lutece (U20)"]
[BlackTeam "Villepinte (U20)"]
[WhiteTeamCountry "FRA"]
[BlackTeamCountry "FRA"]

1. d4 Nf6 2. c4 e6 3. Nc3 Bb4 4. Bg5 d5 5. a3 Bxc3+ 6. bxc3 Nbd7 7. Nf3 c5 8. e3 Qa5 9. Qc2 Ne4 10. Rc1 Qxa3 11. Bd3 Ndf6 12. 0-0 Qa5 13. Bxf6 Nxf6 14. Ng5 h6 15. Nh7 Nxh7 16. Bxh7 Bd7 17. cxd5 exd5 18. Bf5 Qc7 19. dxc5 Bxf5 20. Qxf5 Qxc5 21. Qe5+ Kf8 22. e4 Re8 23. Qxd5 Qxd5 24. exd5 Ke7 25. c4 Kd6 26. f4 b6 27. g3 Re4 28. Rfe1 Rhe8 29. Rxe4 Rxe4 30. Kf2 Re7 31. g4 Rc7 32. g5 h5 33. Kg3 b5 34. Rd1 bxc4 35. Kh4 g6 36. f5 c3 37. fxg6 fxg6 38. Rd3 c2 39. h3 c1Q 40. Rc3 Qf4# 0-1

[Event "FRA-chT U20 1112"]
[Site "France"]
[Date "2011.12.19"]
[Round "7.8"]
[White "Nave, Marie"]
[Black "Kocausta, Antoine"]
[Result "0-1"]
[WhiteElo "1210"]
[BlackElo "1320"]
[PlyCount "60"]
[EventDate "2011.12.03"]
[EventType "team-swiss"]
[EventRounds "7"]
[EventCountry "FRA"]
[SourceTitle "EXT 2013"]
[Source "ChessBase"]
[SourceDate "2012.11.22"]
[SourceVersion "1"]
[SourceVersionDate "2012.11.22"]
[SourceQuality "1"]

1. e4 e5 2. Nf3 Nc6 3. Bc4 Bc5 4. 0-0 Nf6 5. d3 d6 6. Nc3 h6 7. Be3 Bb6 8. d4 Ng4 9. Kh1 0-0 10. h3 Nf6 11. Nh4 exd4 12. Bf4 Nxe4 13. Ng6 dxc3 14. Nxf8 Nxf2+ 15. Rxf2 Bxf2 16. Ng6 Qf6 17. Qd3 Bf5 18. Qd5 Bxg6 19. Qb5 cxb2 20. Rb1 Nd4 21. Qxb7 Re8 22. g3 Be4+ 23. Qxe4 Rxe4 24. Rxb2 Qf5 25. g4 Re1+ 26. Kg2 Qxf4 27. Rb8+ Kh7 28. Bd3+ f5 29. Bf1 Qg3+ 30. Kh1 Rxf1# 0-1

[Event "FRA-chT U20 1112"]
[Site "France"]
[Date "2011.12.17"]
[Round "5.7"]
[White "Kocausta, Antoine"]
[Black "Lefebvre, Matthieu"]
[Result "1-0"]
[WhiteElo "1320"]
[BlackElo "1460"]
[PlyCount "133"]
[EventDate "2011.12.03"]
[EventType "team-swiss"]
[EventRounds "7"]
[EventCountry "FRA"]
[SourceTitle "EXT 2013"]
[Source "ChessBase"]
[SourceDate "2012.11.22"]
[SourceVersion "1"]
[SourceVersionDate "2012.11.22"]
[SourceQuality "1"]

1. d4 d5 2. c4 e6 3. Nc3 Nf6 4. Nf3 Nc6 5. h3 h6 6. Bf4 Bd6 7. Bd2 b6 8. e3 Ba6 9. Qa4 Bb7 10. Bd3 0-0 11. 0-0 Nb4 12. Bb1 Bc6 13. Qd1 dxc4 14. a3 Nbd5 15. Ba2 Nxc3 16. Bxc3 b5 17. Ne5 Bxe5 18. dxe5 Nd7 19. Qg4 Qg5 20. Qxg5 hxg5 21. f4 f6 22. exf6 gxf6 23. fxg5 fxg5 24. b3 cxb3 25. Bxb3 Nc5 26. Ba2 Rxf1+ 27. Rxf1 Rf8 28. Rxf8+ Kxf8 29. Bb4 a5 30. Bxc5+ Kf7 31. g3 Kf6 32. Ba7 Bd7 33. Kf2 e5 34. h4 g4 35. e4 Be6 36. Bd5 Bd7 37. Ke3 c6 38. Bb3 a4 39. Bc2 Be6 40. Kd3 Bf7 41. Kc3 Bg8 42. Be3 Kg6 43. Bd1 Kh5 44. Bg5 Bh7 45. Bc2 Kg6 46. Be7 Kf7 47. Bc5 Ke6 48. Kb4 Kd7 49. Ka5 Bg8 50. Bd1 Bh7 51. Bc2 Bg8 52. Kb6 Bb3 53. Bb1 Bg8 54. h5 Bh7 55. Bd3 Bg8 56. Ka5 Bh7 57. h6 Bg8 58. Be2 Bh7 59. Bxg4+ Bf5 60. Bxf5+ Ke8 61. Be6 b4 62. h7 Kd8 63. h8R+ Kc7 64. Bb6+ Kb7 65. Rh7+ Kb8 66. Ka6 b3 67. Rh8# 1-0

[Event "FRA-chT U20 1112"]
[Site "France"]
[Date "2011.12.04"]
[Round "2"]
[White "Kocausta, Antoine"]
[Black "Hadji, Rasla"]
[Result "1-0"]
[WhiteElo "1320"]
[BlackElo "1360"]
[PlyCount "88"]
[EventDate "2011.12.03"]
[EventType "team-swiss"]
[EventRounds "7"]
[EventCountry "FRA"]
[SourceTitle "EXT 2013"]
[Source "ChessBase"]
[SourceDate "2012.11.22"]
[SourceVersion "1"]
[SourceVersionDate "2012.11.22"]
[SourceQuality "1"]

1. d4 d5 2. c4 e6 3. Nf3 Nf6 4. Nc3 Be7 5. h3 0-0 6. Bf4 Nbd7 7. e3 b6 8. Be2 Bb7 9. 0-0 c5 10. Rc1 Rc8 11. Nb5 a6 12. Nd6 Bxd6 13. Bxd6 Re8 14. Bf4 a5 15. Bg5 Ra8 16. a4 Qc7 17. Bf4 Qc6 18. cxd5 exd5 19. Bb5 Qc8 20. Ne5 Rd8 21. Nxd7 Nxd7 22. Bd3 Bc6 23. Bf5 Ra7 24. dxc5 b5 25. axb5 Bxb5 26. Re1 Qc6 27. Qg4 a4 28. Bh6 Qxh6 29. Red1 Ne5 30. Qe4 Qc6 31. Qxe5 Be2 32. Rd2 Bh5 33. e4 f6 34. Qe6+ Qxe6 35. Bxe6+ Kf8 36. g4 Bf7 37. Bxd5 Rad7 38. Rcd1 Ke7 39. c6 Rd6 40. c7 Rc8 41. Bxf7 Kxf7 42. Rxd6 Ke7 43. Rd7+ Ke6 44. Rxg7 h6 1-0

[Event "FRA-chTB U20 1011"]
[Site "France"]
[Date "2010.12.20"]
[Round "7.8"]
[White "Rambeaux, Solene"]
[Black "Kocausta, Antoine"]
[Result "1-0"]
[WhiteElo "1480"]
[BlackElo "1630"]
[PlyCount "53"]
[EventDate "2010.11.20"]
[EventType "team-tourn"]
[EventRounds "7"]
[EventCountry "FRA"]
[SourceTitle "EXT 2012"]
[Source "ChessBase"]
[SourceDate "2011.11.24"]
[SourceVersion "1"]
[SourceVersionDate "2011.11.24"]
[SourceQuality "1"]
[WhiteTeam "Mulhouse"]
[BlackTeam "Villepinte"]
[WhiteTeamCountry "FRA"]
[BlackTeamCountry "FRA"]

1. d4 d5 2. c4 e6 3. Nf3 Nf6 4. g3 c6 5. Bg2 Nbd7 6. 0-0 Bd6 7. Nc3 dxc4 8. e4 e5 9. dxe5 Bxe5 10. Nxe5 Nxe5 11. Qxd8+ Kxd8 12. f4 Nd3 13. Rd1 Ke7 14. Be3 Bg4 15. Rd2 Rhd8 16. h3 Be6 17. Rad1 Rd7 18. f5 Bxf5 19. exf5 Rc7 20. b3 b5 21. Bf1 Ne5 22. Re2 Rb8 23. Bf4 Rcb7 24. Bxe5 Re8 25. Bxf6+ Kxf6 26. Ne4+ Kxf5 27. Nd6+ 1-0

[Event "FRA-chTB U20 1011"]
[Site "France"]
[Date "2010.12.19"]
[Round "5.9"]
[White "Kocausta, Antoine"]
[Black "Ea, Thibault"]
[Result "0-1"]
[WhiteElo "1630"]
[BlackElo "1528"]
[PlyCount "86"]
[EventDate "2010.11.20"]
[EventType "team-tourn"]
[EventRounds "7"]
[EventCountry "FRA"]
[SourceTitle "EXT 2012"]
[Source "ChessBase"]
[SourceDate "2011.11.24"]
[SourceVersion "1"]
[SourceVersionDate "2011.11.24"]
[SourceQuality "1"]
[WhiteTeam "Villepinte"]
[BlackTeam "Potemkine"]
[WhiteTeamCountry "FRA"]
[BlackTeamCountry "FRA"]

1. d4 d5 2. c4 e6 3. Nc3 c6 4. Nf3 Nf6 5. Bg5 Nbd7 6. e3 Be7 7. Be2 dxc4 8. Bxc4 b5 9. Bb3 a5 10. a3 a4 11. Ba2 0-0 12. 0-0 Bb7 13. Ne5 Nxe5 14. dxe5 Nd5 15. Bxe7 Nxe7 16. Rc1 Ng6 17. f4 Qb6 18. Qd4 c5 19. Qd3 Rfd8 20. Qxb5 Qxb5 21. Nxb5 Ba6 22. Nc7 Bxf1 23. Nxa8 Bxg2 24. Nb6 Be4 25. Nxa4 Ra8 26. Nxc5 Rc8 27. b4 Bb7 28. Nd3 Ra8 29. Rf1 Rxa3 30. Bb1 Ba6 31. Rd1 Bb5 32. Nc1 Nf8 33. Bd3 Bxd3 34. Rxd3 Ra1 35. Rc3 Rb1 36. Rc4 g6 37. Kf2 Nd7 38. Nd3 Nb6 39. Rc5 Nd5 40. Rb5 Rb3 41. Ke2 Rb1 42. e4 Nc3+ 43. Ke3 Nxb5 0-1

[Event "FRA-chTB U20 1011"]
[Site "France"]
[Date "2010.11.21"]
[Round "3.8"]
[White "Habiballah, Linda"]
[Black "Kocausta, Antoine"]
[Result "0-1"]
[WhiteElo "1120"]
[BlackElo "1630"]
[PlyCount "102"]
[EventDate "2010.11.20"]
[EventType "team-tourn"]
[EventRounds "7"]
[EventCountry "FRA"]
[SourceTitle "EXT 2012"]
[Source "ChessBase"]
[SourceDate "2011.11.24"]
[SourceVersion "1"]
[SourceVersionDate "2011.11.24"]
[SourceQuality "1"]
[WhiteTeam "Niort"]
[BlackTeam "Villepinte"]
[WhiteTeamCountry "FRA"]
[BlackTeamCountry "FRA"]

1. d4 d5 2. e3 Nf6 3. Bd3 Nc6 4. f4 e6 5. Nf3 Bd6 6. c3 0-0 7. 0-0 Bd7 8. Ne5 Qe7 9. Bd2 h6 10. Qf3 Nh7 11. Bc2 f6 12. Qg4 fxe5 13. Bg6 exf4 14. exf4 Nf6 15. Qf3 Ne4 16. Be3 Qf6 17. Bh5 g6 18. Bg4 Rf7 19. Nd2 Nxd2 20. Bxd2 Raf8 21. Rae1 Bxf4 22. Bxf4 Qxf4 23. Qxf4 Rxf4 24. Rxf4 Rxf4 25. Bh3 Kf7 26. Rd1 e5 27. Bxd7 Ke7 28. Bh3 g5 29. g3 Re4 30. Bg2 Re2 31. Bxd5 Rxb2 32. Re1 Kd6 33. Bc4 exd4 34. Re6+ Kc5 35. Bb3 d3 36. Re1 Na5 37. Be6 d2 38. Rd1 Rc2 39. a4 Rc1 40. Bg4 Nc4 41. Be2 Ne3 42. Rxc1 dxc1Q+ 43. Kf2 Qxc3 44. h4 Nd1+ 45. Bxd1 Qd2+ 46. Be2 gxh4 47. gxh4 Qf4+ 48. Ke1 Qxa4 49. Bf3 Qxh4+ 50. Ke2 a5 51. Bxb7 a4 0-1

[Event "FRA-chTB U20 1011"]
[Site "France"]
[Date "2010.11.20"]
[Round "1.8"]
[White "Kocausta, Antoine"]
[Black "Banat, Rayan"]
[Result "0-1"]
[WhiteElo "1630"]
[BlackElo "1560"]
[PlyCount "69"]
[EventDate "2010.11.20"]
[EventType "team-tourn"]
[EventRounds "7"]
[EventCountry "FRA"]
[SourceTitle "EXT 2012"]
[Source "ChessBase"]
[SourceDate "2011.11.24"]
[SourceVersion "1"]
[SourceVersionDate "2011.11.24"]
[SourceQuality "1"]
[WhiteTeam "Villepinte"]
[BlackTeam "Clichy"]
[WhiteTeamCountry "FRA"]
[BlackTeamCountry "FRA"]

1. d4 d5 2. c4 c6 3. Nc3 Nf6 4. Nf3 Bg4 5. h3 Bxf3 6. gxf3 e6 7. e4 dxe4 8. fxe4 Bb4 9. Qc2 Qxd4 10. Be3 Bxc3+ 11. Bd2 Bxd2+ 12. Qxd2 Qxe4+ 13. Be2 Qxh1+ 14. Bf1 0-0 15. Qd3 Qe4+ 16. Be2 Qxd3 17. Bxd3 Rd8 18. 0-0-0 Nbd7 19. f3 Nc5 20. Kc2 Nxd3 21. Rxd3 Rxd3 22. Kxd3 Rd8+ 23. Kc3 b5 24. c5 a5 25. a3 Nd5+ 26. Kb3 a4+ 27. Ka2 Ne3 28. f4 Rd2 29. Ka1 Nc4 30. h4 Rxb2 31. f5 Rh2 32. fxe6 fxe6 33. h5 e5 34. Kb1 e4 35. Kc1 0-1